| 000 | 00432nam a2200157 i 4500 | ||
|---|---|---|---|
| 001 | 151093 | ||
| 003 | ES-MaACL | ||
| 005 | 20230906203831.0 | ||
| 007 | t| | ||
| 008 | 071205s1922 fr ||||1| fre d | ||
| 100 | 1 |
_aArnoux, Alexandre. _923122 |
|
| 245 | 1 | 0 |
_aHuon de Bordeaux _b: mélodrame fécrique / _cAlexandre Arnoux. |
| 260 |
_aParis : _bAlbin Michel, _c[1922] |
||
| 300 |
_a160 p. ; _c19 cm. |
||
| 852 |
_aES-MaACL _jF-4777 |
||
| 999 |
_c151093 _d151093 |
||